[Event "27th ECC Women 2023"]
[Site "Durres ALB"]
[Date "2023.10.01"]
[Round "1.7"]
[Board "1"]
[White "Danielian, Elina"]
[Black "Spalir, Monika"]
[Result "1-0"]
[WhiteTitle "GM"]
[BlackTitle "WFM"]
[WhiteElo "2416"]
[BlackElo "2120"]
[WhiteTeam "SK Crvena zvezda Data Driven Lab"]
[BlackTeam "Gostivar"]
[WhiteFideId "13300210"]
[BlackFideId "14609118"]
[EventDate "2023.10.01"]

1. Nf3 d5 2. g3 Nf6 3. Bg2 c6 4. O-O Bg4 5. c4 Nbd7 6. d3 e5 7. cxd5 Nxd5 8. b3
Bd6 9. Nbd2 O-O 10. Bb2 Re8 11. h3 Bh5 12. Rc1 a5 13. a3 Re6 14. Qc2 Qe7 15. Nc4
Bc7 16. e4 N5b6 17. Ne3 Bxf3 18. Bxf3 Nf6 19. Nf5 Qf8 20. d4 g6 21. d5 cxd5 22.
Qxc7 dxe4 23. Bg4 Nbd5 24. Qc2 gxf5 25. Bxf5 Rc6 26. Qd2 Re8 27. Bxe4 Nxe4 28.
Qxd5 Ng5 29. h4 Rd8 30. Qg2 Ne6 31. Rxc6 bxc6 32. Bxe5 Qxa3 33. Qf3 Kf8 34. Qf6
Rd3 35. Qh8+ Ke7 36. Bf6+ Kd6 37. Qb8+ Kd7 38. Qb7+ Nc7 39. Be5 Rd6 40. Bxd6
Qxd6 41. Qa7 Qd5 42. Ra1 Qxb3 43. Qd4+ Nd5 44. Rxa5 f5 45. Qe5 Qb1+ 46. Kh2 Qb6
47. Qxf5+ Kd6 48. Ra8 Qd4 49. Qf8+ Ke6 50. Re8+ Kd7 51. Rd8+ Kc7 52. Rc8+ Kb7
53. Rb8+ Ka7 54. Ra8+ Kb6 55. Qb8+ Kc5 56. Ra5+ Kc4 57. Ra4+ 1-0

[Event "27th ECC Women 2023"]
[Site "Durres ALB"]
[Date "2023.10.02"]
[Round "2.1"]
[Board "1"]
[White "Stefanova, Antoaneta"]
[Black "Dolgova, Olga"]
[Result "1/2-1/2"]
[WhiteTitle "GM"]
[BlackTitle "WIM"]
[WhiteElo "2424"]
[BlackElo "2242"]
[WhiteTeam "Teuta"]
[BlackTeam "Offerspill Chess Club"]
[WhiteFideId "2902257"]
[BlackFideId "4158296"]
[EventDate "2023.10.01"]

1. Nf3 d5 2. g3 Nf6 3. Bg2 e6 4. O-O Be7 5. c4 c6 6. b3 O-O 7. Bb2 Nbd7 8. e3 b6
9. cxd5 cxd5 10. Nd4 Bb7 11. Qe2 Rc8 12. Nc3 Nc5 13. b4 Nce4 14. a3 Nxc3 15.
Bxc3 Qd7 16. Rfc1 Ne4 17. Bb2 Rxc1+ 18. Rxc1 Rc8 19. Rxc8+ Qxc8 20. d3 Nd6 21.
Nb3 Qd8 22. Qc2 Qc8 23. Qd1 Qd8 24. Qa1 Bf6 25. Bxf6 Qxf6 26. Qxf6 gxf6 27. a4
Ba6 28. Bf1 Bc8 29. Be2 Bd7 30. b5 Bc8 31. Kf1 a6 32. bxa6 Bxa6 33. Ke1 Bc8 34.
Bd1 Bd7 35. a5 bxa5 36. Nxa5 Kg7 37. Kd2 Bb5 38. Kc3 Ba6 39. Bc2 Nb7 40. Nc6 Bb5
41. Nd4 Bd7 42. Ne2 Kf8 43. Kb4 Ke7 44. d4 f5 45. Bd3 Nd6 46. Nf4 Ne4 47. f3 Nd6
48. Ba6 Bc8 49. Bd3 Bd7 50. Ne2 Nb7 51. Ba6 Nd6 52. Nc3 Bc8 53. Bd3 Bd7 54. Kc5
Nb7+ 55. Kb6 Nd6 56. Ba6 Bc8 57. Be2 Bd7 58. Bd3 Kd8 59. Kc5 Nb7+ 60. Kb4 Nd6
61. Nb1 Kc7 62. Nd2 Kb6 63. Nb3 Be8 64. Nc5 Bc6 65. Bf1 Be8 66. Be2 Bc6 67. Bd3
Be8 68. Bf1 Bc6 69. Be2 Be8 1/2-1/2

[Event "27th ECC Women 2023"]
[Site "Durres ALB"]
[Date "2023.10.02"]
[Round "2.1"]
[Board "2"]
[White "Ni, Viktorija"]
[Black "Socko, Monika"]
[Result "0-1"]
[WhiteTitle "WIM"]
[BlackTitle "GM"]
[WhiteElo "2161"]
[BlackElo "2380"]
[WhiteTeam "Offerspill Chess Club"]
[BlackTeam "Teuta"]
[WhiteFideId "11602252"]
[BlackFideId "1106619"]
[EventDate "2023.10.01"]

1. d4 Nf6 2. Bg5 d5 3. e3 Nbd7 4. Nf3 e6 5. Bd3 Be7 6. Nbd2 b6 7. Ne5 Nxe5 8.
dxe5 Nd7 9. Bf4 Bb7 10. c3 c5 11. a4 g5 12. Bg3 h5 13. h4 gxh4 14. Bf4 Qc7 15.
Nf3 O-O-O 16. a5 bxa5 17. Qa4 Rhg8 18. Bf1 d4 19. Qxa5 Qxa5 20. Rxa5 dxc3 21.
bxc3 Nb6 22. c4 Bxf3 23. gxf3 Rd7 24. Be2 Rb7 25. Kd2 Rg2 26. Rh2 Rg1 27. e4 Nd7
28. Bd1 Bd8 29. Ra2 Rb4 30. Be2 Nb6 31. Be3 Nd7 32. f4 a5 33. Bxh5 Nb6 34. Be2
Nxc4+ 35. Bxc4 Rxc4 36. Kd3 Rb4 37. Bxc5 Rb3+ 38. Ke2 Rgb1 39. Be3 R1b2+ 40.
Rxb2 Rxb2+ 41. Kd3 a4 42. Bd4 Rb3+ 43. Kc2 Rb4 44. Kc3 Ba5 45. Kd3 a3 46. f3 Rb1
47. Bc5 Rb2 48. Rc2 a2 0-1

[Event "27th ECC Women 2023"]
[Site "Durres ALB"]
[Date "2023.10.02"]
[Round "2.1"]
[Board "3"]
[White "Cyfka, Karina"]
[Black "Nilssen, Ellen Fredericia"]
[Result "1-0"]
[WhiteTitle "IM"]
[BlackTitle "WFM"]
[WhiteElo "2350"]
[BlackElo "2161"]
[WhiteTeam "Teuta"]
[BlackTeam "Offerspill Chess Club"]
[WhiteFideId "1122681"]
[BlackFideId "1441230"]
[EventDate "2023.10.01"]

1. d4 Nf6 2. c4 e6 3. Nc3 Bb4 4. e3 O-O 5. Bd3 d5 6. Nf3 c5 7. O-O Nc6 8. a3
Bxc3 9. bxc3 dxc4 10. Bxc4 Qc7 11. Be2 Rd8 12. Qc2 e5 13. Bb2 Bg4 14. dxe5 Nxe5
15. c4 Nxf3+ 16. gxf3 Bh3 17. Rfd1 Qe7 18. Kh1 Rxd1+ 19. Rxd1 Rd8 20. Rg1 Rd6
21. Bc3 Ne8 22. Bd3 Rh6 23. Qb2 f6 24. Be4 Nd6 25. Bd5+ Be6 26. Qd2 Nf7 27. f4
Bf5 28. f3 Rg6 29. Re1 Bh3 30. Re2 Qc7 31. e4 Kf8 32. e5 fxe5 33. fxe5 Qe7 34.
Qf4 Be6 35. Rd2 Qg5 36. Qxg5 Nxg5 37. Bxb7 Bxc4 38. Rd6 Be6 39. Bd2 Nf7 40. Ra6
Bc4 41. Rxa7 Nxe5 42. Be3 Nc6 43. Bxc5+ Ke8 44. Ra8+ Kd7 45. Bc8+ Kc7 46. Bf2
Ne7 47. Bh3 Nc6 48. Bg3+ Kb7 49. Re8 Bd5 50. Kg2 Nd4 51. Rd8 Kc6 52. Kf2 Rf6 53.
Bg4 Nxf3 54. Ke3 h5 55. Bxh5 Re6+ 56. Kd3 Ne5+ 57. Kc3 Nc4 58. Rc8+ Kb5 59. a4+
Kxa4 60. Rxc4+ Bxc4 61. Kxc4 Ka5 62. Kd5 Rh6 63. Be8 Kb6 64. h4 Kb7 65. h5 Kc8
66. Be5 Kd8 67. Bg6 Rh8 68. Bxg7 Rg8 69. Bf6+ Kd7 70. Ke5 Ra8 71. h6 Ra5+ 72.
Kf4 Ke6 73. h7 Ra4+ 74. Be4 Rxe4+ 75. Kxe4 1-0

[Event "27th ECC Women 2023"]
[Site "Durres ALB"]
[Date "2023.10.02"]
[Round "2.1"]
[Board "4"]
[White "Vidic, Teja"]
[Black "Caku, Kler"]
[Result "1-0"]
[WhiteTitle "WIM"]
[WhiteElo "2119"]
[BlackElo "1697"]
[WhiteTeam "Offerspill Chess Club"]
[BlackTeam "Teuta"]
[WhiteFideId "14605511"]
[BlackFideId "4704703"]
[EventDate "2023.10.01"]

1. e4 e5 2. Nc3 Nc6 3. Bc4 Nf6 4. d3 d6 5. f4 exf4 6. Bxf4 Be7 7. Nf3 O-O 8. d4
Nxe4 9. Nxe4 d5 10. Bd3 dxe4 11. Bxe4 Bb4+ 12. Kf2 Bd6 13. Bxd6 Qxd6 14. Qd3 h6
15. h3 Bd7 16. Rhe1 Rad8 17. c3 f5 18. Bxc6 Bxc6 19. Ne5 Be4 20. Qc4+ Bd5 21.
Qc5 Qxc5 22. dxc5 Be4 23. Rad1 Rfe8 24. Nf3 Kf7 25. Nd4 Rd5 26. b4 a5 27. Nb5
Rxd1 28. Rxd1 axb4 29. cxb4 Re7 30. Rd8 Bc6 31. Nd4 Be4 32. a4 c6 33. Rd6 g6 34.
a5 h5 35. h4 Re5 36. Rd7+ Re7 37. Rd6 Re5 38. Rd7+ Re7 39. Rxe7+ Kxe7 40. g3 Kf6
41. Ne2 Bd3 42. Nf4 Bc4 43. Ke3 Bb5 44. Nh3 Ke5 45. Nf4 Kf6 46. Kd4 Ba6 47. Nh3
Bf1 48. Ng5 Ba6 49. Nf3 Bb5 50. Ke3 Bc4 51. Kf4 Bb5 52. Ne5 Bf1 53. Nd7+ Ke7 54.
Nb6 Kf6 55. Nc8 Be2 56. Nd6 Ba6 57. Ne8+ Kf7 58. Nc7 Bf1 59. Ke5 Ke7 60. Ne6 Bc4
61. Nf4 Kf7 62. Ng2 Ke7 63. Ne3 Bd3 64. Nd1 Be2 65. Nc3 Bf1 66. Na4 Bb5 67. Nb6
Ba6 68. Na8 Bf1 69. Nc7 Be2 70. Na8 Bb5 71. Nb6 Ba6 72. Nc8+ Kd7 73. Nd6 Ke7 74.
Kf4 Kf6 75. Ne8+ Kf7 76. Nc7 Bf1 77. Ke5 Ke7 78. Ne6 Bc4 79. Nf4 Kf7 80. Kd6 Kf6
81. Nh3 Ba6 82. Kc7 Ke5 83. Kb6 Kd5 84. Nf4+ Kc4 85. Nxg6 Kxb4 86. Nf4 Kc4 87.
Nxh5 Kd4 88. Nf4 Ke5 89. Kc7 Kf6 90. Kd6 Bc4 91. Nh3 Kg6 92. Ke5 Bb3 93. Nf4+
Kh6 94. Kxf5 Bc2+ 95. Kf6 Bd1 96. Ne6 Bg4 97. Nd8 Bc8 98. Nf7+ Kh5 99. Nd6 Bd7
100. Nxb7 Bc8 101. Nd8 1-0

[Event "27th ECC Women 2023"]
[Site "Durres ALB"]
[Date "2023.10.02"]
[Round "2.2"]
[Board "1"]
[White "Muzychuk, Mariya"]
[Black "Tsolakidou, Stavroula"]
[Result "0-1"]
[WhiteTitle "GM"]
[BlackTitle "IM"]
[WhiteElo "2519"]
[BlackElo "2385"]
[WhiteTeam "Monte Carlo"]
[BlackTeam "MSK Centar Asseco See"]
[WhiteFideId "14114550"]
[BlackFideId "4264312"]
[EventDate "2023.10.01"]

1. d4 Nf6 2. c4 g6 3. Nc3 Bg7 4. e4 d6 5. Nf3 O-O 6. Be2 e5 7. O-O h6 8. h3 exd4
9. Nxd4 Re8 10. Bf3 Nh7 11. Re1 Ng5 12. Bg4 Bxg4 13. hxg4 Nc6 14. Nxc6 bxc6 15.
Qd3 Ne6 16. Qh3 Rb8 17. Rb1 Ng5 18. Qd3 Qd7 19. f3 Qe6 20. Be3 Rb4 21. b3 Qe5
22. Ne2 a5 23. Bd4 Qe7 24. Bxg7 Kxg7 25. Qc3+ Qf6 26. Qxf6+ Kxf6 27. Nd4 Rb6 28.
Rbc1 Ne6 29. Nxe6 Kxe6 30. c5 Ra6 31. Rc4 Rb8 32. e5 d5 33. Rf4 a4 34. b4 a3 35.
Kf2 Ke7 36. Rb1 Ra4 37. Rb3 g5 38. Rf6 Rbxb4 39. Rxb4 Rxb4 40. Rxc6 Rb2+ 41. Ke3
Kd7 42. Rxh6 Rxa2 43. Kd3 Ra1 44. Kc2 d4 45. Ra6 d3+ 46. Kxd3 a2 47. Kc3 Rc1+
48. Kb2 a1=Q+ 49. Rxa1 Rxa1 50. Kxa1 Ke6 51. Kb2 Kxe5 52. Kc3 Kd5 53. c6 Kxc6
54. Kc4 Kd6 55. Kd4 c5+ 56. Kc4 Kc6 57. g3 Kd6 58. f4 f6 59. Kc3 Kd5 60. Kd3 c4+
61. Kc3 Kc5 62. f5 Kd5 63. Kc2 Kd4 64. Kd2 c3+ 65. Kc2 Kc4 66. Kc1 Kd3 67. Kd1
Ke3 68. Kc2 Kf3 69. Kxc3 Kxg3 70. Kd4 Kxg4 71. Ke4 Kh4 0-1

[Event "27th ECC Women 2023"]
[Site "Durres ALB"]
[Date "2023.10.02"]
[Round "2.2"]
[Board "2"]
[White "Narva, Mai"]
[Black "Muzychuk, Anna"]
[Result "1/2-1/2"]
[WhiteTitle "IM"]
[BlackTitle "GM"]
[WhiteElo "2399"]
[BlackElo "2510"]
[WhiteTeam "MSK Centar Asseco See"]
[BlackTeam "Monte Carlo"]
[WhiteFideId "4500512"]
[BlackFideId "14111330"]
[EventDate "2023.10.01"]

1. e4 e5 2. Nf3 Nc6 3. Bb5 Nf6 4. O-O Nxe4 5. Re1 Nd6 6. Ba4 Be7 7. Nc3 O-O 8.
d4 e4 9. Nxe4 Nxe4 10. Rxe4 d5 11. Re1 Bg4 12. Bxc6 bxc6 13. h3 Bxf3 14. Qxf3
Re8 15. Bd2 Qd7 16. Rad1 Bd6 17. b3 f5 18. c4 Re4 19. c5 Be7 20. Bf4 Bf6 21.
Rxe4 dxe4 22. Qg3 Rc8 23. b4 Kf7 24. a4 h6 25. h4 a6 26. h5 Rb8 27. Qc3 Rb7 28.
Qc4+ Qd5 29. Qxa6 Rxb4 30. Be3 Qb3 31. Rd2 Qd5 32. Rd1 Qb3 1/2-1/2

[Event "27th ECC Women 2023"]
[Site "Durres ALB"]
[Date "2023.10.02"]
[Round "2.2"]
[Board "3"]
[White "Khademalsharieh, Sarasadat"]
[Black "Radeva, Viktoria"]
[Result "1/2-1/2"]
[WhiteTitle "IM"]
[BlackTitle "WGM"]
[WhiteElo "2476"]
[BlackElo "2293"]
[WhiteTeam "Monte Carlo"]
[BlackTeam "MSK Centar Asseco See"]
[WhiteFideId "12512214"]
[BlackFideId "2915405"]
[EventDate "2023.10.01"]

1. d4 d5 2. c4 e6 3. Nf3 Nf6 4. Bg5 c6 5. e3 Nbd7 6. Nbd2 Be7 7. Qc2 O-O 8. Bd3
h6 9. Bh4 c5 10. O-O b6 11. cxd5 Nxd5 12. Bxe7 Qxe7 13. Bb5 cxd4 14. Nxd4 Bb7
15. Rac1 Rac8 16. Qb1 a6 17. Bc6 Nc5 18. Bxb7 Qxb7 19. Nc4 Qb8 20. Rfd1 Rfd8 21.
Rd2 Rd7 22. Rcd1 b5 23. Na5 Qb6 24. Ndb3 Nxb3 25. Nxb3 Rdd8 26. Qe4 Nf6 27. Qb4
Rxd2 28. Qxd2 Ne4 29. Qd3 Qb7 30. Qd4 Nf6 31. f3 Qd5 32. e4 Qxd4+ 33. Rxd4 Kf8
34. Rd6 Rc2 35. Rxa6 Rxb2 36. Ra7 g5 37. Nc5 Rb1+ 38. Kf2 Rb2+ 39. Kg1 Rb1+ 1/2-1/2

[Event "27th ECC Women 2023"]
[Site "Durres ALB"]
[Date "2023.10.02"]
[Round "2.2"]
[Board "4"]
[White "Gajcin, Marina"]
[Black "Paehtz, Elisabeth"]
[Result "0-1"]
[WhiteTitle "WGM"]
[BlackTitle "GM"]
[WhiteElo "2225"]
[BlackElo "2484"]
[WhiteTeam "MSK Centar Asseco See"]
[BlackTeam "Monte Carlo"]
[WhiteFideId "949086"]
[BlackFideId "4641833"]
[EventDate "2023.10.01"]

1. e4 e5 2. Nf3 Nc6 3. Bc4 Nf6 4. d3 h6 5. c3 d6 6. a4 g6 7. a5 Bg7 8. a6 b6 9.
Bb5 Bd7 10. O-O O-O 11. Nbd2 Re8 12. Re1 Qc8 13. b4 Nd8 14. Bxd7 Qxd7 15. Nc4 b5
16. Na5 Nc6 17. Nb3 Rad8 18. Bd2 Qe6 19. Qc2 Nd7 20. Na5 Nxa5 21. Rxa5 c6 22.
Be3 Ra8 23. c4 bxc4 24. dxc4 Reb8 25. Rb1 f5 26. Ne1 fxe4 27. Qxe4 Qf5 28. Qd3
Qxd3 29. Nxd3 e4 30. Nf4 Ne5 31. Ra2 Nxc4 32. Nxg6 Kf7 33. Nh4 Ke6 34. Re2 Bf6
35. Ng6 Kf7 36. Nf4 Rb5 37. Bc1 Re8 38. Rc2 d5 39. Ne2 Rb6 40. Ra2 h5 41. Be3
Nxe3 42. fxe3 Bg5 43. Nf4 Ke7 44. g3 Rf8 45. Rc1 Kd6 46. Kf2 h4 47. gxh4 Bxh4+
48. Ke2 Rxb4 49. Rcc2 Bg5 50. Nh3 Rh8 51. Nf2 Rxh2 52. Ra1 Rb3 53. Kf1 Kd7 54.
Re2 Bxe3 0-1

[Event "27th ECC Women 2023"]
[Site "Durres ALB"]
[Date "2023.10.02"]
[Round "2.3"]
[Board "1"]
[White "Houska, Jovanka"]
[Black "Batsiashvili, Nino"]
[Result "0-1"]
[WhiteTitle "IM"]
[BlackTitle "GM"]
[WhiteElo "2340"]
[BlackElo "2475"]
[WhiteTeam "Wood Green"]
[BlackTeam "Superchess"]
[WhiteFideId "405094"]
[BlackFideId "13602993"]
[EventDate "2023.10.01"]

1. d4 Nf6 2. Nf3 c5 3. d5 b5 4. c4 bxc4 5. Nc3 d6 6. e4 g6 7. Bxc4 Bg7 8. O-O
Nbd7 9. h3 O-O 10. Bf4 Nb6 11. Be2 Bb7 12. a4 a5 13. Qd2 Ba6 14. Bxa6 Rxa6 15.
Qe2 Ra8 16. Rfd1 Ne8 17. e5 Nc7 18. Rac1 Rb8 19. b3 Nc8 20. Nd2 Qd7 21. exd6
exd6 22. Qf3 Re8 23. Bg3 f5 24. Nc4 Rxb3 25. Nxa5 Rxc3 26. Rxc3 Bxc3 27. Qxc3
Qxa4 28. Qd2 Nb5 29. Re1 Rxe1+ 30. Qxe1 Qe4 31. Qxe4 fxe4 32. Nc4 Kf7 33. Kf1
Ke7 34. Bh4+ Kd7 35. Nd2 Nb6 36. Nxe4 Nxd5 37. Bg3 Kc6 38. h4 h5 39. f3 Ne3+ 40.
Ke2 Nf5 41. Bf2 c4 42. g4 Ng7 43. Bg3 d5 44. Be5 Ne6 45. Nf6 d4 46. gxh5 gxh5
47. Nxh5 Kd5 48. f4 c3 49. Ng3 Nc5 50. h5 d3+ 51. Ke1 Nd4 52. Bxd4 Kxd4 0-1

[Event "27th ECC Women 2023"]
[Site "Durres ALB"]
[Date "2023.10.02"]
[Round "2.3"]
[Board "2"]
[White "Wagner, Dinara"]
[Black "Yao, Lan"]
[Result "1/2-1/2"]
[WhiteTitle "WGM"]
[BlackTitle "WIM"]
[WhiteElo "2461"]
[BlackElo "2311"]
[WhiteTeam "Superchess"]
[BlackTeam "Wood Green"]
[WhiteFideId "24157570"]
[BlackFideId "8610835"]
[EventDate "2023.10.01"]

1. d4 Nf6 2. c4 e6 3. Nf3 d5 4. g3 dxc4 5. Bg2 c6 6. O-O b5 7. a4 Bb7 8. Ne5 a6
9. b3 cxb3 10. Qxb3 Qxd4 11. Bb2 Qb4 12. Qc2 Qc5 13. Qd3 Qd6 14. Qe3 Nbd7 15.
axb5 axb5 16. Rxa8+ Bxa8 17. Qa7 Qb8 18. Qxb8+ Nxb8 19. Nc3 Bd6 20. Nxb5 cxb5
21. Bxa8 O-O 22. Bf3 Rc8 23. Ra1 Nfd7 24. Nxd7 Nxd7 25. Rd1 Be5 26. Rxd7 Bxb2
27. Rb7 g6 28. Rxb5 Bd4 29. Kg2 Kg7 30. h4 h5 31. Rb7 1/2-1/2

[Event "27th ECC Women 2023"]
[Site "Durres ALB"]
[Date "2023.10.02"]
[Round "2.3"]
[Board "3"]
[White "Hunt, Harriet V"]
[Black "Efroimski, Marsel"]
[Result "1-0"]
[WhiteTitle "IM"]
[BlackTitle "IM"]
[WhiteElo "2316"]
[BlackElo "2447"]
[WhiteTeam "Wood Green"]
[BlackTeam "Superchess"]
[WhiteFideId "403512"]
[BlackFideId "2810964"]
[EventDate "2023.10.01"]

1. e4 e6 2. Qe2 c5 3. Nf3 Nc6 4. g3 Nge7 5. Bg2 d6 6. O-O g6 7. c3 Bg7 8. Na3 b6
9. Rd1 d5 10. e5 c4 11. b3 Ba6 12. bxc4 dxc4 13. Nxc4 O-O 14. d3 b5 15. Ne3 Qa5
16. Bb2 Rad8 17. d4 Nd5 18. Nxd5 exd5 19. Nd2 Rfe8 20. Qf3 Qb6 21. Nf1 Bc8 22.
Ne3 Be6 23. h4 h5 24. Qe2 Ne7 25. Ba3 Nf5 26. Nxf5 Bxf5 27. Qb2 Bf8 28. Bxf8
Rxf8 29. Qb3 Qc6 30. a4 bxa4 31. Rxa4 Rb8 32. Rb4 Rxb4 33. Qxb4 Rc8 34. Ra1 Be6
35. Ra3 Rc7 36. Qb8+ Kg7 37. Kh2 Rb7 38. Qd8 Qc4 39. Qf6+ Kg8 40. Qf3 Qc7 41.
Bh3 Bxh3 42. Kxh3 Rb5 43. Kg2 a5 44. Qd3 Qb7 45. e6 f5 46. Ra1 Rb6 47. Qe3 Qe7
48. Rxa5 Rxe6 49. Qf3 Re4 50. Rxd5 Qb7 51. Re5 Qb1 52. Rxe4 fxe4 53. Qf6 Kh7 54.
c4 Qd3 55. c5 Qc2 56. Qf7+ Kh6 57. Qf4+ Kh7 58. Qe3 Kg7 59. d5 Qc4 60. d6 Qd5
61. Kh2 Kf7 62. Qg5 Qe6 63. Qf4+ Ke8 64. c6 Kd8 65. Qf8+ Qe8 66. c7+ 1-0

[Event "27th ECC Women 2023"]
[Site "Durres ALB"]
[Date "2023.10.02"]
[Round "2.3"]
[Board "4"]
[White "Roebers, Eline"]
[Black "Toma, Katarzyna"]
[Result "1-0"]
[WhiteTitle "IM"]
[BlackTitle "WGM"]
[WhiteElo "2390"]
[BlackElo "2224"]
[WhiteTeam "Superchess"]
[BlackTeam "Wood Green"]
[WhiteFideId "1058401"]
[BlackFideId "1119907"]
[EventDate "2023.10.01"]

1. e4 c5 2. Nf3 d6 3. d4 cxd4 4. Nxd4 Nf6 5. Nc3 a6 6. Rg1 e5 7. Nb3 Be6 8. g4
d5 9. exd5 Nxd5 10. Nxd5 Qxd5 11. Be3 Nc6 12. Qxd5 Bxd5 13. O-O-O O-O-O 14. g5
Kc7 15. a4 Bb4 16. Nd2 Nd4 17. Rg4 Be6 18. Rh4 Be7 19. Re4 Nf5 20. h4 Nxe3 21.
Rxe3 Bc5 22. Rc3 b6 23. b4 Rd4 24. bxc5 Rxa4 25. cxb6+ Kb7 26. Bg2+ Kxb6 27. Nb3 1-0

[Event "27th ECC Women 2023"]
[Site "Durres ALB"]
[Date "2023.10.02"]
[Round "2.4"]
[Board "2"]
[White "Gaponenko, Inna"]
[Black "Salimova, Nurgyul"]
[Result "1/2-1/2"]
[WhiteTitle "IM"]
[BlackTitle "IM"]
[WhiteElo "2332"]
[BlackElo "2424"]
[WhiteTeam "Asnieres - Le Grand Echiquier"]
[BlackTeam "Garuda Ajka BSK"]
[WhiteFideId "14101181"]
[BlackFideId "2915138"]
[EventDate "2023.10.01"]

1. e4 c6 2. d4 d5 3. exd5 cxd5 4. c4 Nf6 5. Nc3 Nc6 6. Nf3 Bg4 7. cxd5 Nxd5 8.
Qb3 Bxf3 9. gxf3 Nb6 10. d5 Nd4 11. Bb5+ Nd7 12. Qa4 Nxb5 13. Qxb5 g6 14. O-O
Bg7 15. Re1 O-O 16. Bg5 Bxc3 17. bxc3 f6 18. Bf4 b6 19. Qe2 Rf7 20. Rad1 Rc8 21.
c4 Nc5 22. Bc1 Qd6 23. Rd4 Re8 24. Qd1 Rd8 25. Qe2 Rg7 26. Bb2 g5 27. Qe3 Kf8
28. Ba3 Qc7 29. Bxc5 Qxc5 30. Re4 Qxe3 31. R1xe3 Rd7 32. Re6 Kf7 33. Rc6 Rg8 34.
a4 Rgd8 35. Ree6 Rb8 36. Kg2 Rbb7 37. f4 gxf4 38. Kf3 Rd8 39. Re4 Rbd7 40. Rxf4
Rd6 41. Rxd6 Rxd6 42. Rh4 Kg6 43. Rg4+ Kf7 44. Rh4 Kg6 45. Ke4 h5 46. Rh3 Rd8
47. Rg3+ Kf7 48. Rh3 Kg6 49. Rg3+ Kf7 50. Rh3 1/2-1/2

[Event "27th ECC Women 2023"]
[Site "Durres ALB"]
[Date "2023.10.02"]
[Round "2.4"]
[Board "3"]
[White "Injac, Teodora"]
[Black "Iglesias, Yosha"]
[Result "1/2-1/2"]
[WhiteTitle "IM"]
[BlackTitle "FM"]
[WhiteElo "2426"]
[BlackElo "2259"]
[WhiteTeam "Garuda Ajka BSK"]
[BlackTeam "Asnieres - Le Grand Echiquier"]
[WhiteFideId "932400"]
[BlackFideId "637823"]
[EventDate "2023.10.01"]

1. d4 d5 2. Nf3 Nf6 3. c4 c6 4. e3 Bf5 5. Nc3 e6 6. Nh4 Be4 7. f3 Bg6 8. Bd2
dxc4 9. Bxc4 b5 10. Nxg6 hxg6 11. Bd3 Nbd7 12. Qe2 a6 13. Ne4 c5 14. Nxc5 Bxc5
15. dxc5 Nxc5 16. Bc2 Qd6 17. O-O-O O-O 18. Kb1 Nd5 19. h4 Qe5 20. f4 Nxf4 21.
Qf3 Nd5 22. e4 Nf6 23. Bc3 Qh5 24. Rdg1 Qxf3 25. gxf3 Nh5 26. Rg5 Na4 27. Bxa4
bxa4 28. Ra5 Rfd8 29. Kc2 f6 30. Rxa4 e5 31. Rd1 Rxd1 32. Kxd1 Nf4 33. Kc2 Ne2
34. Kd3 Nxc3 35. Kxc3 Kh7 36. Rc4 Kh6 37. Rc7 g5 38. h5 Rg8 39. b4 Kxh5 40. Kd3
g4 41. Ke3 g3 42. Rc1 Rb8 43. a3 a5 44. Rh1+ Kg5 45. Rg1 axb4 46. axb4 Rxb4 47.
Rxg3+ Kh6 48. Rh3+ Kg6 49. Kf2 Kf7 50. Kg3 Rb8 51. Rh1 Rd8 52. Rb1 Kg6 53. Rh1
Rc8 54. Rh4 Rc1 55. Kg2 Rd1 56. Rg4+ Kf7 57. Rh4 Rd8 58. Kg3 Rg8 59. Rh1 g6 60.
Kg4 Rc8 61. Rh7+ Ke6 62. Rg7 Rh8 63. Ra7 Rh5 64. Ra6+ Kf7 65. Ra7+ Kg8 66. Rb7
Rg5+ 67. Kh4 Rg1 68. Ra7 Kf8 69. Rb7 f5 70. exf5 gxf5 71. Rb5 Kf7 72. Rxe5 Kf6
73. Ra5 f4 74. Rb5 Rg3 75. Ra5 Ke6 76. Rb5 Rxf3 77. Kg4 Rf1 78. Ra5 Kf6 79. Rf5+
Ke6 80. Rxf4 Rxf4+ 81. Kxf4 1/2-1/2

[Event "27th ECC Women 2023"]
[Site "Durres ALB"]
[Date "2023.10.02"]
[Round "2.4"]
[Board "4"]
[White "Belluire, Beatrice"]
[Black "Gaal, Zsoka"]
[Result "0-1"]
[BlackTitle "WIM"]
[WhiteElo "1999"]
[BlackElo "2305"]
[WhiteTeam "Asnieres - Le Grand Echiquier"]
[BlackTeam "Garuda Ajka BSK"]
[WhiteFideId "26017296"]
[BlackFideId "777765"]
[EventDate "2023.10.01"]

1. e4 c6 2. d4 d5 3. e5 Bf5 4. h4 h5 5. Bd3 Bxd3 6. Qxd3 Qa5+ 7. Nd2 e6 8. Nf3
Nh6 9. O-O Nf5 10. Nb3 Qa6 11. Qd1 b6 12. Bg5 c5 13. dxc5 Bxc5 14. Nxc5 bxc5 15.
c3 Nd7 16. Re1 Rb8 17. b3 Qc6 18. Rc1 a5 19. a3 a4 20. b4 Nb6 21. Nd2 Rc8 22. c4
cxb4 23. c5 Na8 24. axb4 Nc7 25. Ra1 Ra8 26. Nb1 d4 27. Nd2 Nd5 28. Ne4 Nxb4 29.
Rb1 Nd5 30. Nd6+ Nxd6 31. cxd6 Nc3 32. Rc1 Nxd1 33. Rxc6 Nc3 34. Bd2 Nd5 35. Ra1
Kd7 36. Rc4 a3 37. Rc2 Rhb8 38. Rca2 Rb3 39. Bc1 Nc3 40. Rd2 d3 41. Kf1 a2 42.
Rb2 Rxb2 43. Bxb2 Rb8 0-1

[Event "27th ECC Women 2023"]
[Site "Durres ALB"]
[Date "2023.10.02"]
[Round "2.5"]
[Board "1"]
[White "Atalik, Ekaterina"]
[Black "Ushenina, Anna"]
[Result "1-0"]
[WhiteTitle "IM"]
[BlackTitle "GM"]
[WhiteElo "2394"]
[BlackElo "2434"]
[WhiteTeam "Gokturk Chess Sport Club"]
[BlackTeam "SP Gaz Ukraine"]
[WhiteFideId "4130189"]
[BlackFideId "14110911"]
[EventDate "2023.10.01"]

1. c4 e5 2. g3 Nf6 3. Nf3 e4 4. Nd4 Nc6 5. Nc2 d5 6. cxd5 Qxd5 7. Bg2 Bc5 8. Nc3
Qe5 9. b4 Be7 10. Bb2 a6 11. Rb1 Qe6 12. b5 axb5 13. Nxb5 Qd7 14. O-O O-O 15. a3
Rd8 16. Ne3 Qxd2 17. Qxd2 Rxd2 18. Nxc7 Ra4 19. Rfd1 Rxd1+ 20. Rxd1 Be6 21. Nxe6
fxe6 22. Rc1 Ra5 23. Bxf6 gxf6 24. Bxe4 Bxa3 25. Rb1 Ra7 26. Bxc6 bxc6 27. Rb8+
Kf7 28. Rc8 Ra6 29. h4 Be7 30. Nc4 c5 31. h5 Ra4 32. Ne3 Ra2 33. Kf1 Ra5 34. h6
Ra7 35. Ng4 Ra4 36. f3 c4 37. Rh8 Bf8 38. Rxh7+ Kg6 39. Rh8 Ra8 40. Rg8+ Kh7 41.
Nxf6+ Kxh6 42. Kg2 c3 43. g4 Ra5 44. Rxf8 Rc5 45. Rg8 c2 46. f4 c1=Q 47. g5+
Rxg5+ 48. fxg5+ Qxg5+ 49. Rxg5 1-0

[Event "27th ECC Women 2023"]
[Site "Durres ALB"]
[Date "2023.10.02"]
[Round "2.5"]
[Board "2"]
[White "Javakhishvili, Lela"]
[Black "Rakhmangulova, Anastasiya"]
[Result "1-0"]
[WhiteTitle "IM"]
[BlackTitle "WIM"]
[WhiteElo "2437"]
[BlackElo "2354"]
[WhiteTeam "SP Gaz Ukraine"]
[BlackTeam "Gokturk Chess Sport Club"]
[WhiteFideId "13601458"]
[BlackFideId "14117479"]
[EventDate "2023.10.01"]

1. c4 e5 2. Nc3 Nf6 3. Nf3 e4 4. Ng5 c6 5. Ngxe4 Nxe4 6. Nxe4 d5 7. cxd5 cxd5 8.
Ng3 h5 9. e3 h4 10. Ne2 Nc6 11. a3 h3 12. Nf4 d4 13. Qf3 Be7 14. gxh3 g5 15. Nd5
Be6 16. Nxe7 Qxe7 17. d3 O-O-O 18. Bd2 f5 19. Be2 f4 20. Rg1 Rxh3 21. Qe4 dxe3
22. fxe3 Rxh2 23. Rc1 Qd7 24. Rxg5 fxe3 25. Bxe3 Re8 26. Kd2 Rh3 27. Bf4 Rh4 28.
Qe5 Kd8 29. Rxc6 Qxc6 30. Rg7 Rxf4 31. Qxf4 Qb6 32. b4 Bd7 33. Bh5 Rh8 34. Rxd7+
Kxd7 35. Bg4+ Kc6 36. Qf6+ Kb5 37. Bd7+ Ka6 38. b5+ 1-0